000 00563nam a2200229 a 4500
001 nice12345678
003 IN_TiNIC
005 20260116013037.0
008 050524s1994 lona grp 000 0 eng
020 _a0006384684
_c0
082 0 0 _a963.986
_bTAY
100 _aTaylor, Stephen
245 _aShaka`s Children
260 _aLondon
_bCollins Religious Pub.
_c1994
300 _a416p
500 _aincludes index and biblioraphy
505 2 _aBibliography, Index
700 1 _aTaylor, Stephen
902 _bSRS
942 _cBK
999 _c9402
_d9402